00391nam a22001337a 4500008004100000040005500041080002100096245004200117260003700159300001100196650001300207653001100220700002600231230523b |||||||| |||| 00| 0 eng d aNational Science LibrarycNational Science Library a582.26:577.1bK2 aPhysiology and biochemistry of algae  aLondon: bAcademic Press, c1962 a929p.  aScience  aAlgae  aLewin, Ralph A (Ed.)